[Event "105th British-ch 2018"]
[Site "Hull"]
[Date "2018.08.01"]
[Round "5"]
[White "Moore, Graham J"]
[Black "Derakhshani, Borna"]
[Result "1/2-1/2"]
[WhiteElo "2218"]
[BlackElo "2315"]
[Annotator "NA"]
[PlyCount "94"]
[EventDate "2018.07.28"]
[EventType "swiss"]
[EventCountry "GBR"]
[SourceTitle "playchess.com"]
[Source "ChessBase"]
[SourceQuality "1"]
[TimeControl "40/5400+30:1800+30"]

1. Nf3 {[%emt 0:00:00]} Nf6 {[%emt 0:06:15]} 2. c4 {[%emt 0:00:06]} g6 {[%emt 0:01:56]} 3. b4 {[%emt 0:01:22]} Bg7 {[%emt 0:00:37]} 4. Bb2 {[%emt 0:00:06]} a5 {[%emt 0:06:27]} 5. b5 {[%emt 0:01:38]} a4 {[%emt 0:01:39]} 6. g3 {[%emt 0:03:53]} c6 {[%emt 0:00:11]} 7. Na3 {[%emt 0:04:41]} d5 {[%emt 0:02:12]} 8. Bg2 {[%emt 0:03:45]} O-O {[%emt 0:01:27]} 9. O-O {[%emt 0:00:20]} dxc4 {[%emt 0:06:29]} 10. bxc6 {[%emt 0:04:30]} Nxc6 {[%emt 0:00:13]} 11. Nxc4 {[%emt 0:02:10]} Be6 {[%emt 0:00:24]} 12. Ne3 {[%emt 0:06:40]} a3 {[%emt 0:03:38]} 13. Bc3 {[%emt 0:00:30]} h6 {[%emt 0:06:43]} 14. Ne1 {[%emt 0:00:54]} Nd5 {[%emt 0:01:26]} 15. Bxg7 {[%emt 0:04:59]} Nxe3 {[%emt 0:01:19]} 16. fxe3 {[%emt 0:00:38]} Kxg7 {[%emt 0:00:06]} 17. Nd3 {[%emt 0:11:04]} Bd5 {[%emt 0:00:51]} 18. Bh3 {[%emt 0:08:52]} Qd6 {[%emt 0:04:53]} 19. Qc2 {[%emt 0:01:12]} e5 {[%emt 0:10:37]} 20. Rfb1 {[%emt 0:05:26]} Be4 {[%emt 0:04:18]} 21. Qc3 {[%emt 0:02:34]} h5 {[%emt 0:10:11]} 22. Rb6 {[%emt 0:02:27]} Bxd3 {[%emt 0:05:18]} 23. exd3 {[%emt 0:01:07]} h4 {[%emt 0:03:46]} 24. Rxb7 {[%emt 0:03:53]} hxg3 {[%emt 0:01:01]} 25. hxg3 {[%emt 0:00:15]} Ne7 {[%emt 0:04:12]} 26. Rf1 {[%emt 0:13:08]} Nd5 {[%emt 0:01:08]} 27. Qc4 {[%emt 0:00:59]} Rad8 {[%emt 0:01:04]} 28. Ra7 {[%emt 0:02:04]} Qb8 {[%emt 0:08:13]} 29. Ra5 {[%emt 0:04:21]} Nb6 {[%emt 0:02:10]} 30. Qc3 {[%emt 0:01:51]} f6 {[%emt 0:00:25]} 31. Qxa3 {[%emt 0:01:09]} Rf7 {[%emt 0:00:26]} 32. e4 {[%emt 0:03:24]} Rd6 {[%emt 0:00:01]} 33. Rc1 {[%emt 0:00:52]} Qd8 {[%emt 0:00:27]} 34. Rc3 {[%emt 0:00:23]} Rd4 {[%emt 0:01:04]} 35. Ra7 {[%emt 0:00:20]} Nd7 {[%emt 0:01:14]} 36. Be6 {[%emt 0:01:36]} f5 {[%emt 0:02:31]} 37. Rxd7 {[%emt 0:01:58]} Rfxd7 {[%emt 0:00:37]} 38. Bxd7 {[%emt 0:00:06]} Rxd7 {[%emt 0:00:43]} 39. Qc5 {[%emt 0:00:58]} Qf6 {[%emt 0:00:21]} 40. Qc8 {[%emt 0:00:39]} Rf7 {[%emt 0:01:59]} 41. exf5 {[%emt 0:07:59]} Qg5 {[%emt 0:04:10]} 42. d4 {[%emt 0:02:41]} exd4 {[%emt 0:05:02]} 43. Rd3 {[%emt 0:00:40]} Qh5 {[%emt 0:08:13]} 44. Rxd4 {[%emt 0:17:29]} Qd1+ {[%emt 0:03:39]} 45. Kg2 Qe2+ 46. Kh3 {[%emt 0:00:01]} Qf1+ 47. Kg4 Qe2+ {[%emt 0:00:10]} 1/2-1/2

[Event "105th British-ch 2018"]
[Site "Hull"]
[Date "2018.08.01"]
[Round "5"]
[White "Tozer, Philip Aa"]
[Black "Sugden, John N"]
[Result "1/2-1/2"]
[WhiteElo "2142"]
[BlackElo "2090"]
[Annotator "NA"]
[PlyCount "98"]
[EventDate "2018.07.28"]
[EventType "swiss"]
[EventCountry "GBR"]
[SourceTitle "playchess.com"]
[Source "ChessBase"]
[SourceQuality "1"]
[TimeControl "40/5400+30:1800+30"]

1. c4 {[%emt 0:00:00]} g6 {[%emt 0:00:04]} 2. g3 {[%emt 0:00:00]} Bg7 {[%emt 0:00:14]} 3. Nc3 {[%emt 0:00:00]} e5 {[%emt 0:00:38]} 4. Bg2 {[%emt 0:00:00]} d6 {[%emt 0:02:16]} 5. e4 {[%emt 0:00:00]} Ne7 {[%emt 0:04:30]} 6. Nge2 {[%emt 0:00:21]} Nbc6 {[%emt 0:00:41]} 7. O-O {[%emt 0:00:14]} Nd4 {[%emt 0:01:55]} 8. Nxd4 {[%emt 0:04:03]} exd4 {[%emt 0:00:10]} 9. Nd5 {[%emt 0:00:29]} c6 {[%emt 0:07:01]} 10. Nf4 {[%emt 0:02:03]} O-O {[%emt 0:04:42]} 11. d3 {[%emt 0:00:15]} Kh8 {[%emt 0:01:22]} 12. Bd2 {[%emt 0:02:28]} Ng8 {[%emt 0:01:02]} 13. b4 {[%emt 0:05:27]} Bd7 {[%emt 0:06:51]} 14. Qc2 {[%emt 0:04:34]} Qc7 {[%emt 0:02:39]} 15. Rac1 {[%emt 0:06:52]} Rad8 {[%emt 0:10:33]} 16. c5 {[%emt 0:04:09]} dxc5 {[%emt 0:01:37]} 17. Qxc5 {[%emt 0:02:07]} b6 {[%emt 0:01:07]} 18. Qc2 {[%emt 0:01:17]} Qd6 {[%emt 0:06:06]} 19. h3 {[%emt 0:07:21]} Rc8 {[%emt 0:01:28]} 20. Qa4 {[%emt 0:04:01]} Ra8 {[%emt 0:02:06]} 21. Ne2 {[%emt 0:02:52]} Rfd8 {[%emt 0:03:21]} 22. f4 {[%emt 0:03:42]} Be8 {[%emt 0:06:09]} 23. Qb3 {[%emt 0:07:14]} Rac8 {[%emt 0:01:02]} 24. e5 {[%emt 0:04:09]} Qe7 {[%emt 0:07:16]} 25. g4 {[%emt 0:11:09]} f6 {[%emt 0:01:37]} 26. e6 {[%emt 0:00:55]} f5 {[%emt 0:00:38]} 27. gxf5 {[%emt 0:01:39]} gxf5 {[%emt 0:00:09]} 28. Ng3 {[%emt 0:00:15]} Nh6 {[%emt 0:01:51]} 29. Bf3 {[%emt 0:04:13]} Rd6 {[%emt 0:02:17]} 30. Rfe1 {[%emt 0:00:59]} Bf6 {[%emt 0:05:04]} 31. Re2 {[%emt 0:01:45]} Bg6 {[%emt 0:02:54]} 32. Be1 {[%emt 0:04:24]} Ng8 {[%emt 0:03:09]} 33. Bf2 {[%emt 0:02:34]} Qg7 {[%emt 0:00:45]} 34. Rec2 {[%emt 0:07:56]} Ne7 {[%emt 0:02:00]} 35. Kh2 {[%emt 0:00:32]} Qh6 {[%emt 0:01:58]} 36. Ne2 {[%emt 0:02:38]} Bh5 {[%emt 0:01:09]} 37. Bxh5 {[%emt 0:00:10]} Qxh5 {[%emt 0:00:08]} 38. Qb2 {[%emt 0:02:16]} Rcd8 {[%emt 0:03:56]} 39. Rc4 {[%emt 0:02:20]} Qf3 {[%emt 0:03:41]} 40. Nxd4 {[%emt 0:00:52]} Rxd4 {[%emt 0:00:47]} 41. Rxd4 {[%emt 0:04:56]} Rxd4 {[%emt 0:00:39]} 42. Rc4 {[%emt 0:00:28]} c5 {[%emt 0:11:53]} 43. bxc5 {[%emt 0:01:53]} bxc5 {[%emt 0:00:26]} 44. Qb8+ {[%emt 0:01:00]} Ng8 {[%emt 0:07:11]} 45. Bxd4 {[%emt 0:00:31]} Qe2+ {[%emt 0:01:27]} 46. Kh1 {[%emt 0:03:29]} Bxd4 {[%emt 0:00:36]} 47. Rxd4 {[%emt 0:00:34]} cxd4 {[%emt 0:02:33]} 48. Qd6 {[%emt 0:02:34]} Qf1+ {[%emt 0:05:15]} 49. Kh2 {[%emt 0:00:02]} Qf2+ {[%emt 0:00:29]} 1/2-1/2

[Event "105th British-ch 2018"]
[Site "Hull"]
[Date "2018.08.01"]
[Round "5"]
[White "Waddington, Mike P"]
[Black "Burke, Mitchell R"]
[Result "1/2-1/2"]
[WhiteElo "2110"]
[BlackElo "1988"]
[Annotator "NA"]
[PlyCount "52"]
[EventDate "2018.07.28"]
[EventType "swiss"]
[EventCountry "GBR"]
[SourceTitle "playchess.com"]
[Source "ChessBase"]
[SourceQuality "1"]
[TimeControl "40/5400+30:1800+30"]

1. Nc3 {[%emt 0:00:00]} c5 {[%emt 0:00:55]} 2. e4 {[%emt 0:00:00]} Nc6 {[%emt 0:00:53]} 3. f4 {[%emt 0:00:00]} g6 {[%emt 0:01:31]} 4. Nf3 {[%emt 0:00:00]} Bg7 {[%emt 0:00:06]} 5. Bb5 {[%emt 0:01:57]} Nd4 {[%emt 0:03:02]} 6. O-O {[%emt 0:00:16]} a6 {[%emt 0:04:35]} 7. Bd3 {[%emt 0:00:50]} d6 {[%emt 0:01:35]} 8. Nxd4 {[%emt 0:03:02]} cxd4 {[%emt 0:00:39]} 9. Ne2 {[%emt 0:00:36]} Nf6 {[%emt 0:03:53]} 10. Qe1 {[%emt 0:01:03]} O-O {[%emt 0:07:44]} 11. a4 {[%emt 0:12:18]} e5 {[%emt 0:07:38]} 12. c3 {[%emt 0:14:14]} Qc7 {[%emt 0:28:21]} 13. Kh1 {[%emt 0:04:58]} Bg4 {[%emt 0:10:02]} 14. Ng1 {[%emt 0:13:29]} exf4 {[%emt 0:09:50]} 15. cxd4 {[%emt 0:10:17]} Nh5 {[%emt 0:01:46]} 16. Qh4 {[%emt 0:06:32]} Qd7 {[%emt 0:05:21]} 17. Be2 {[%emt 0:03:59]} f5 {[%emt 0:03:29]} 18. exf5 {[%emt 0:02:20]} Bxe2 {[%emt 0:00:13]} 19. Nxe2 {[%emt 0:00:21]} Rxf5 {[%emt 0:00:01]} 20. d3 {[%emt 0:01:47]} Raf8 {[%emt 0:01:39]} 21. Qh3 {[%emt 0:04:08]} Qe7 {[%emt 0:01:38]} 22. Ng1 {[%emt 0:02:03]} Ng3+ {[%emt 0:05:10]} 23. hxg3 {[%emt 0:00:14]} Rh5 {[%emt 0:00:01]} 24. Bxf4 {[%emt 0:01:47]} Rxh3+ {[%emt 0:00:38]} 25. Nxh3 {[%emt 0:00:25]} Bxd4 {[%emt 0:00:13]} 26. Rae1 {[%emt 0:00:10]} Qd7 {[%emt 0:01:23]} 1/2-1/2

[Event "105th British-ch 2018"]
[Site "Hull"]
[Date "2018.08.01"]
[Round "5"]
[White "Price, Gwilym T"]
[Black "Pritchett, Craig W"]
[Result "0-1"]
[WhiteElo "2085"]
[BlackElo "2274"]
[Annotator "NA"]
[PlyCount "90"]
[EventDate "2018.07.28"]
[EventType "swiss"]
[EventCountry "GBR"]
[SourceTitle "playchess.com"]
[Source "ChessBase"]
[SourceQuality "1"]
[TimeControl "40/5400+30:1800+30"]

1. e4 {[%emt 0:00:00]} c5 {[%emt 0:00:00]} 2. Nf3 {[%emt 0:00:00]} e6 {[%emt 0:00:00]} 3. d4 {[%emt 0:00:00]} cxd4 {[%emt 0:00:01]} 4. Nxd4 {[%emt 0:00:00]} a6 {[%emt 0:00:37]} 5. c4 {[%emt 0:00:13]} Nf6 {[%emt 0:00:28]} 6. Nc3 {[%emt 0:00:10]} Qc7 {[%emt 0:00:20]} 7. Be2 {[%emt 0:00:43]} b6 {[%emt 0:04:15]} 8. O-O {[%emt 0:00:55]} Bb7 {[%emt 0:00:16]} 9. Qd3 {[%emt 0:00:08]} d6 {[%emt 0:02:11]} 10. f4 {[%emt 0:01:14]} Nbd7 {[%emt 0:00:23]} 11. b4 {[%emt 0:00:17]} Rc8 {[%emt 0:01:49]} 12. Bb2 {[%emt 0:03:27]} Be7 {[%emt 0:02:19]} 13. Rac1 {[%emt 0:00:49]} O-O {[%emt 0:01:04]} 14. a3 {[%emt 0:00:20]} Qb8 {[%emt 0:04:01]} 15. g4 {[%emt 0:17:42]} Qa8 {[%emt 0:09:28]} 16. Bf3 {[%emt 0:05:58]} g5 {[%emt 0:09:11]} 17. Nd5 {[%emt 0:03:08]} Bd8 {[%emt 0:13:16]} 18. fxg5 {[%emt 0:12:54]} Ne5 {[%emt 0:13:51]} 19. Nxf6+ {[%emt 0:26:52]} Bxf6 {[%emt 0:00:35]} 20. Qe3 {[%emt 0:00:24]} Bg7 {[%emt 0:04:18]} 21. Qe2 {[%emt 0:01:50]} Nxf3+ {[%emt 0:02:17]} 22. Rxf3 {[%emt 0:00:50]} Bxe4 {[%emt 0:00:43]} 23. Rh3 {[%emt 0:03:56]} d5 {[%emt 0:02:00]} 24. c5 {[%emt 0:00:47]} bxc5 {[%emt 0:05:40]} 25. bxc5 {[%emt 0:01:55]} Qa7 {[%emt 0:04:59]} 26. Nb3 {[%emt 0:01:41]} e5 {[%emt 0:01:30]} 27. Re3 {[%emt 0:04:17]} a5 {[%emt 0:07:36]} 28. Nd2 {[%emt 0:02:34]} Rxc5 {[%emt 0:01:37]} 29. Nxe4 {[%emt 0:01:06]} Rxc1+ {[%emt 0:04:07]} 30. Bxc1 {[%emt 0:00:02]} dxe4 {[%emt 0:00:08]} 31. Kg2 {[%emt 0:01:05]} Rc8 {[%emt 0:02:49]} 32. Bb2 {[%emt 0:01:43]} Qb7 {[%emt 0:00:59]} 33. Rc3 {[%emt 0:02:42]} Rxc3 {[%emt 0:00:47]} 34. Bxc3 {[%emt 0:00:11]} e3+ {[%emt 0:00:57]} 35. Kg3 {[%emt 0:00:59]} Qc7 {[%emt 0:00:36]} 36. Be1 {[%emt 0:01:06]} Qc5 {[%emt 0:01:11]} 37. Bxa5 {[%emt 0:01:04]} Qxa5 {[%emt 0:00:10]} 38. Qxe3 {[%emt 0:00:07]} Bf8 {[%emt 0:00:39]} 39. a4 {[%emt 0:01:15]} Bb4 {[%emt 0:00:26]} 40. Qe4 {[%emt 0:01:35]} Be1+ {[%emt 0:00:48]} 41. Kg2 {[%emt 0:30:12]} Qd2+ {[%emt 0:31:01]} 42. Kh3 {[%emt 0:00:57]} Qc3+ {[%emt 0:00:00]} 43. Kg2 {[%emt 0:00:00]} Bh4 {[%emt 0:00:00]} 44. Qa8+ {[%emt 0:00:00]} Kg7 {[%emt 0:00:00]} 45. Qd8 {[%emt 0:00:00]} e4 {[%emt 0:00:00]} 0-1

[Event "105th British-ch 2018"]
[Site "Hull"]
[Date "2018.08.01"]
[Round "5"]
[White "Jackson, Sheila"]
[Black "Verma, Aditya"]
[Result "1/2-1/2"]
[WhiteElo "2072"]
[BlackElo "2084"]
[Annotator "NA"]
[PlyCount "37"]
[EventDate "2018.07.28"]
[EventType "swiss"]
[EventCountry "GBR"]
[SourceTitle "playchess.com"]
[Source "ChessBase"]
[SourceQuality "1"]
[TimeControl "40/5400+30:1800+30"]

1. d4 {[%emt 0:00:00]} d5 {[%emt 0:00:00]} 2. c4 {[%emt 0:00:00]} c6 {[%emt 0:00:00]} 3. Nf3 {[%emt 0:00:00]} Nf6 {[%emt 0:00:00]} 4. Qc2 {[%emt 0:00:18]} dxc4 {[%emt 0:00:00]} 5. e3 {[%emt 0:00:08]} e6 {[%emt 0:07:58]} 6. Bxc4 {[%emt 0:04:22]} Nbd7 {[%emt 0:00:05]} 7. O-O {[%emt 0:01:07]} Be7 {[%emt 0:00:03]} 8. Nc3 {[%emt 0:04:09]} O-O {[%emt 0:00:07]} 9. a4 {[%emt 0:04:29]} c5 {[%emt 0:01:01]} 10. Rd1 {[%emt 0:10:23]} cxd4 {[%emt 0:01:18]} 11. exd4 {[%emt 0:05:10]} Nb6 {[%emt 0:00:21]} 12. Bd3 {[%emt 0:01:41]} h6 {[%emt 0:01:05]} 13. Ne5 {[%emt 0:08:41]} Nbd5 {[%emt 0:01:45]} 14. Qe2 {[%emt 0:04:08]} a6 {[%emt 0:02:00]} 15. Nxd5 Nxd5 16. Be4 {[%emt 0:07:01]} Nf6 {[%emt 0:15:43]} 17. Bf3 {[%emt 0:04:32]} Nd5 {[%emt 0:10:22]} 18. Bd2 {[%emt 0:01:37]} Bd7 {[%emt 0:03:03]} 19. b3 {[%emt 0:10:33]} 1/2-1/2

[Event "105th British-ch 2018"]
[Site "Hull"]
[Date "2018.08.01"]
[Round "5"]
[White "Thurlow, Kevin J"]
[Black "Pollack, Oscar"]
[Result "0-1"]
[WhiteElo "2030"]
[BlackElo "2064"]
[Annotator "NA"]
[PlyCount "66"]
[EventDate "2018.07.28"]
[EventType "swiss"]
[EventCountry "GBR"]
[SourceTitle "playchess.com"]
[Source "ChessBase"]
[SourceQuality "1"]
[TimeControl "40/5400+30:1800+30"]

1. c4 {[%emt 0:00:00]} g6 {[%emt 0:00:00]} 2. d4 {[%emt 0:00:00]} Nf6 {[%emt 0:00:00]} 3. g3 {[%emt 0:00:25]} Bg7 {[%emt 0:00:00]} 4. Bg2 {[%emt 0:00:06]} O-O {[%emt 0:00:00]} 5. Nc3 {[%emt 0:00:10]} d6 {[%emt 0:00:04]} 6. e3 {[%emt 0:00:10]} e5 {[%emt 0:00:23]} 7. Nge2 {[%emt 0:00:09]} c6 {[%emt 0:00:23]} 8. b3 {[%emt 0:01:18]} Re8 {[%emt 0:01:01]} 9. dxe5 {[%emt 0:03:08]} dxe5 {[%emt 0:00:38]} 10. O-O {[%emt 0:00:29]} Nbd7 {[%emt 0:01:40]} 11. Bb2 {[%emt 0:03:16]} Qc7 {[%emt 0:01:24]} 12. Qc2 {[%emt 0:02:02]} Nf8 {[%emt 0:02:46]} 13. Rad1 {[%emt 0:02:11]} Be6 {[%emt 0:02:45]} 14. Rd2 {[%emt 0:04:01]} Rad8 {[%emt 0:00:58]} 15. Rfd1 {[%emt 0:00:10]} h5 {[%emt 0:01:11]} 16. Na4 {[%emt 0:03:59]} Bf5 {[%emt 0:03:39]} 17. Qc1 {[%emt 0:03:40]} Rxd2 {[%emt 0:02:17]} 18. Rxd2 {[%emt 0:00:50]} Ne6 {[%emt 0:05:59]} 19. Ba3 {[%emt 0:13:44]} Ng5 {[%emt 0:13:20]} 20. Nec3 {[%emt 0:17:58]} e4 {[%emt 0:03:32]} 21. Ne2 {[%emt 0:07:53]} h4 {[%emt 0:04:14]} 22. Nd4 {[%emt 0:02:52]} hxg3 {[%emt 0:02:21]} 23. hxg3 {[%emt 0:00:17]} Bg4 {[%emt 0:01:17]} 24. Qf1 {[%emt 0:09:14]} Qc8 {[%emt 0:02:23]} 25. Bd6 {[%emt 0:04:00]} Nh5 {[%emt 0:06:37]} 26. Bf4 {[%emt 0:05:16]} Nh3+ {[%emt 0:02:51]} 27. Kh2 {[%emt 0:01:44]} N3xf4 {[%emt 0:00:14]} 28. gxf4 {[%emt 0:01:19]} Qd8 {[%emt 0:01:31]} 29. Nf3 {[%emt 0:00:34]} Qf6 {[%emt 0:00:38]} 30. Ne5 {[%emt 0:01:37]} Qh4+ {[%emt 0:00:53]} 31. Kg1 {[%emt 0:00:54]} Bxe5 {[%emt 0:01:41]} 32. fxe5 {[%emt 0:00:13]} Rxe5 {[%emt 0:00:08]} 33. Nc3 {[%emt 0:00:13]} Bf3 {[%emt 0:00:42]} 0-1

[Event "105th British-ch 2018"]
[Site "Hull"]
[Date "2018.08.01"]
[Round "5"]
[White "Miller, Dominic"]
[Black "Roberson, Peter T"]
[Result "0-1"]
[WhiteElo "2017"]
[BlackElo "2401"]
[Annotator "NA"]
[PlyCount "52"]
[EventDate "2018.07.28"]
[EventType "swiss"]
[EventCountry "GBR"]
[SourceTitle "playchess.com"]
[Source "ChessBase"]
[SourceQuality "1"]
[TimeControl "40/5400+30:1800+30"]

1. e4 {[%emt 0:00:00]} e6 {[%emt 0:00:00]} 2. d4 {[%emt 0:00:00]} d5 {[%emt 0:00:00]} 3. Nc3 {[%emt 0:00:12]} Nf6 {[%emt 0:00:00]} 4. e5 {[%emt 0:00:04]} Nfd7 {[%emt 0:00:00]} 5. f4 {[%emt 0:00:05]} c5 {[%emt 0:00:00]} 6. Nf3 {[%emt 0:00:03]} Nc6 {[%emt 0:00:00]} 7. Be3 {[%emt 0:00:06]} a6 {[%emt 0:00:00]} 8. Qd2 {[%emt 0:00:24]} Be7 {[%emt 0:00:01]} 9. Be2 {[%emt 0:00:40]} b5 {[%emt 0:01:00]} 10. a3 {[%emt 0:00:14]} O-O {[%emt 0:00:32]} 11. O-O {[%emt 0:01:46]} Bb7 {[%emt 0:03:44]} 12. Nd1 {[%emt 0:03:56]} Qb6 {[%emt 0:05:38]} 13. c3 {[%emt 0:03:36]} a5 {[%emt 0:00:11]} 14. Bd3 {[%emt 0:03:32]} f5 {[%emt 0:21:59]} 15. Nf2 {[%emt 0:11:24]} b4 {[%emt 0:03:26]} 16. axb4 {[%emt 0:03:45]} axb4 {[%emt 0:02:49]} 17. Rxa8 {[%emt 0:01:00]} Rxa8 {[%emt 0:00:47]} 18. g4 {[%emt 0:00:07]} g6 {[%emt 0:05:19]} 19. gxf5 {[%emt 0:02:00]} exf5 {[%emt 0:02:53]} 20. Nh3 {[%emt 0:02:45]} Nf8 {[%emt 0:11:31]} 21. Kh1 {[%emt 0:12:34]} c4 {[%emt 0:17:48]} 22. Be2 {[%emt 0:06:16]} Ra2 {[%emt 0:01:21]} 23. Qe1 {[%emt 0:02:03]} Rxb2 {[%emt 0:02:03]} 24. Bxc4 {[%emt 0:02:37]} dxc4 {[%emt 0:01:43]} 25. d5 {[%emt 0:00:04]} Qb5 {[%emt 0:03:54]} 26. dxc6 {[%emt 0:02:00]} Bxc6 {[%emt 0:00:02]} 0-1

[Event "105th British-ch 2018"]
[Site "Hull"]
[Date "2018.08.02"]
[Round "6"]
[White "Adams, Michael"]
[Black "Ghasi, Ameet K"]
[Result "1-0"]
[WhiteElo "2706"]
[BlackElo "2494"]
[Annotator "TA"]
[PlyCount "85"]
[EventDate "2018.07.28"]
[EventType "swiss"]
[EventCountry "GBR"]
[SourceTitle "playchess.com"]
[Source "ChessBase"]
[SourceQuality "1"]

{[%evp 22,85,60,60,60,58,58,57,47,55,53,56,66,68,60,61,67,53,75,74,72,75,76,76,125,109,125,124,155,100,119,119,114,91,100,104,107,87,79,64,71,15,15,17,29,25,50,52,78,74,100,102,93,100,104,87,107,103,440,440,440,437,907,911,889,878]} 1. e4 d6 2. d4 Nf6 3. Nc3 g6 4. Be3 Bg7 5. Qd2 c6 6. Bh6 Bxh6 7. Qxh6 Qa5 8. Bd3 c5 9. Nf3 {B07: Pirc Defence: Miscellaneous Systems} cxd4 10. Nxd4 Nc6 11. Bb5 Bd7 12. O-O-O {LiveBook: 4 Games} Nxd4 $146 ({Predecessor:} 12... Rc8 13. Kb1 Ne5 14. Nb3 Qc7 15. Bxd7+ Qxd7 16. Rhe1 Qc6 {1-0 (41) Van Kampen,R (2640)-McNab,C (2433) Reading 2017}) 13. Bxd7+ Nxd7 14. Rxd4 O-O-O 15. Kb1 Kb8 16. Nd5 e6 17. Ne3 Ne5 18. Rhd1 Qc7 19. a3 a6 20. f4 Nc6 21. R4d3 Rhe8 22. g4 {[%cal Bg2g4,Bg4g5][%mdl 32]} b5 23. Qh4 Ka8 24. g5 Na5 25. Qe1 (25. Qxh7 $142 Nc4 26. Qg7) 25... Rd7 26. Rc3 Qb6 27. b3 Rc7 28. Rxc7 Qxc7 29. Qb4 Rd8 30. Rd3 Nb7 31. Kb2 (31. Ng4 $16) 31... Nc5 $11 32. Rd4 Qc6 33. Nd1 Rc8 {[#] ( -> ...Nd3+!)} 34. Nc3 Rc7 35. Rd2 Nb7 36. a4 a5 37. Qd4 bxa4 38. Nxa4 Kb8 39. Nb6 Qb5 $2 {[%mdl 8192] [#]} (39... Nc5 $16 {is a better chance.} 40. Qxd6 Nxe4 41. Nd7+ Kb7 42. Qxc6+ Kxc6 43. Ne5+ Kc5) 40. Qh8+ $18 {White is clearly winning.} Ka7 41. Nc8+ Ka6 (41... Rxc8 $142 42. Qxc8 Qf1) 42. Nxd6 Qb4 43. c3 {Precision: White = 72%, Black = 44%.} 1-0

[Event "105th British-ch 2018"]
[Site "Hull"]
[Date "2018.08.02"]
[Round "6"]
[White "Jones, Gawain Cb"]
[Black "Fodor, Tamas Jr"]
[Result "1/2-1/2"]
[WhiteElo "2670"]
[BlackElo "2506"]
[Annotator "TA"]
[PlyCount "95"]
[EventDate "2018.07.28"]
[EventType "swiss"]
[EventCountry "GBR"]
[SourceTitle "playchess.com"]
[Source "ChessBase"]
[SourceQuality "1"]

{[%evp 22,95,0,0,58,2,0,0,8,8,8,8,14,14,17,21,16,7,6,7,6,7,6,0,6,8,7,7,14,21,16,20,22,25,17,9,10,10,39,10,10,10,13,0,0,0,0,0,0,0,0,0,0,0,0,0,0,0,0,0,0,0,0,0,0,0,0,0,0,0,0,0,0,0,0,0]} 1. e4 e5 2. Nf3 Nc6 3. Bb5 Nf6 4. O-O Nxe4 5. d4 {[%cal Bd2d4,Bd4e5][%mdl 32]} Nd6 6. dxe5 Nxb5 7. a4 Nbd4 8. Nxd4 Nxd4 9. Qxd4 d5 10. exd6 Qxd6 11. Qe3+ {C67: Ruy Lopez: Berlin Defence: 4 0-0 Nxe4} Be6 (11... Be7 12. Nc3 c6 13. Re1 Be6 14. Ne4 Qc7 15. Nc5 Bxc5 16. Qxc5 b6 17. Qa3 c5 18. a5 O-O 19. axb6 Qxb6 {½-½ (63) Hou,Y (2658)-Ponomariov,R (2686) Shenzhen 2018}) 12. Nc3 {LiveBook: 33 Games} c6 ({Black should play} 12... a6 $11) 13. b3 $146 (13. Ne4 $14 Qe5 14. Bd2) ({Predecessor:} 13. Rd1 Qc7 14. Qd4 Qa5 15. Be3 f6 16. Ne2 Qb4 17. a5 Qxd4 18. Nxd4 Bd7 {1-0 (59) Novotny,M (2354)-Belyakov,B (2456) Pardubice 2014}) 13... Qc5 $11 14. Qg3 Bd6 15. Ne4 $1 {[%cal Re4d6]} Bxg3 16. Nxc5 Be5 17. Nxe6 Bxa1 18. Nc7+ Kd7 {[#] Threatens to win with ...Rad8.} 19. Bf4 Rac8 {And now ...Bb2 would win.} 20. Rd1+ Ke7 {Hoping for ...Bb2.} 21. Rxa1 Rhd8 $1 22. f3 Rd7 23. Re1+ Kf8 24. Kf2 g5 25. Be5 Rcxc7 26. Bxc7 Rxc7 {[%mdl 4096] Endgame KR-KR} 27. Rd1 Re7 28. Rd8+ Kg7 29. b4 h6 30. Rd6 h5 {The position is equal.} 31. g3 Kh7 32. h4 gxh4 33. gxh4 Kg7 34. c3 a6 35. c4 f6 36. Kg3 Kg6 37. Rd8 Re1 38. Rb8 Rc1 39. c5 a5 40. Rxb7 axb4 41. Rxb4 Rxc5 42. Kf4 Rc3 43. Rd4 c5 44. Re4 Kf7 45. Re3 Rc4+ 46. Re4 Rc3 47. Kg3 Rc2 48. Kf4 {Precision: White = 54%, Black = 79%.} 1/2-1/2

[Event "105th British-ch 2018"]
[Site "Hull"]
[Date "2018.08.02"]
[Round "6"]
[White "Hawkins, Jonathan"]
[Black "Macklin, Paul"]
[Result "1/2-1/2"]
[WhiteElo "2590"]
[BlackElo "2363"]
[Annotator "TA"]
[PlyCount "138"]
[EventDate "2018.07.28"]
[EventType "swiss"]
[EventCountry "GBR"]
[SourceTitle "playchess.com"]
[Source "ChessBase"]
[SourceQuality "1"]

{[%evp 28,138,45,41,64,52,53,45,44,52,63,50,55,58,53,38,108,98,149,149,146,152,156,134,149,146,146,115,117,108,115,110,118,82,111,77,81,84,99,95,96,90,111,111,104,104,172,166,197,190,179,104,104,104,90,77,104,75,104,104,104,104,104,104,104,104,104,104,104,104,104,104,104,104,104,104,104,104,104,89,89,89,89,75,89,89,89,0,0,0,0,0,0,0,0,0,0,0,0,0,0,0,0,0,0,0,0,0,0,0,0,0,0]} 1. d4 Nf6 2. c4 g6 3. Nc3 Bg7 4. e4 d6 5. Be2 O-O 6. Nf3 Na6 7. O-O e5 8. Be3 Ng4 9. Bg5 Qe8 10. dxe5 dxe5 11. Qc1 {E94: King's Indian: Classical: 6 Be2 e5 7 0-0: Various Black 7th moves} c6 12. Rd1 f6 13. Bd2 f5 14. h3 Nf6 15. exf5 {LiveBook: 17 Games} Bxf5 {[#]} 16. Be3 $146 ({Predecessor:} 16. Bh6 Bxh6 17. Qxh6 e4 18. Nh4 Qe5 {0-1 (45) Carlsen,M (2776)-Nakamura,H (2699) Gjovik 2009}) 16... Qe7 17. g4 Bc8 18. Bh6 e4 19. Bxg7 Kxg7 20. Qe3 Re8 21. Nd2 $36 {[%mdl 2048] White is pushing.} h6 (21... Qc5 $1 $14) 22. Re1 Bd7 {[#]} (22... Qc5 $142) 23. Ndxe4 $1 $16 {[%mdl 512]} Nxe4 24. Bf3 {[%cal Rc3e4]} Nac5 25. Bxe4 a5 26. Rad1 Rad8 27. Qg3 Bc8 28. Rxd8 Qxd8 29. Rd1 Qe7 30. Bg2 g5 31. f4 gxf4 32. Qxf4 Qe3+ 33. Qxe3 Rxe3 34. Kf2 Rd3 35. Ke2 Rxd1 36. Nxd1 {[%mdl 4096] Endgame KBN-KBN} Be6 (36... Kf6 $16) 37. Ke3 $1 $18 Kf6 38. Kd4 Nd7 {[#]} 39. Nc3 ({White should play} 39. b3 $1 $18) 39... c5+ $16 40. Ke3 Bxc4 41. Bxb7 Ke5 42. b3 Bf7 43. Bc6 Nb6 44. Na4 Nxa4 45. Bxa4 {KB-KB} ({Don't play} 45. bxa4 $6 Bxa2 46. Bd7 c4 $15) 45... c4 46. bxc4 Bxc4 47. Bb3 Bb5 48. Bc2 Bd7 49. Kf3 Be6 50. a3 Bf7 51. h4 Bd5+ 52. Kg3 Be6 53. g5 hxg5 54. hxg5 {Kh4 is the strong threat.} Bf5 55. Bb3 (55. Ba4 {looks sharper.} Bd3 56. Kh4 Be2 57. Be8 Kf5 58. Bd7+) 55... Bg6 56. Kg4 Kd4 {[#]} 57. Kf4 (57. Ba4 $1 $16 {Black must now prevent Kf4.} Ke5 58. Bb3) 57... Be8 $11 {The position is equal.} 58. Bd1 {aiming for Kf5.} a4 59. Kf5 Kc3 $1 60. Kf6 {And now Ke7 would win.} Kb2 $1 61. Ke7 Bb5 62. g6 Kxa3 63. Kd6 Kb4 64. Bf3 Bc4 {Strongly threatening ...a3.} 65. Bd5 Bxd5 66. Kxd5 {White threatens g7 and mate.} a3 {( -> ...a2)} 67. g7 a2 68. g8=Q {Threatening mate with Qh8.} a1=Q 69. Qb8+ Ka3 {Precision: White = 82%, Black = 80%.} 1/2-1/2